banner-ar

تأمين مستقبل الطلبه فى مصر والعالم / (Record no. 47306)

MARC details
000 -الفاتح
حقل البيانات ثابتة الطول 00639nam a2200193Ia 4500
008 - عناصر البيانات ثابتة الطول - معلومات عامة
حقل البيانات ثابتة الطول 140319s9999 xx 000 0 ara d
040 ## - مصدر الفهرسة
وكالة الفهرسة الأصلية GCL /
وكالة النسخ GCL
082 04 - رقم تصنيف ديوى العشرى
رقم التصنيف 379.1
رقم المادة ل ت
100 1# - المدخل الرئيسى - إسم شخصى
الإسم الشخصى لبيب على الجمال
245 10 - بيان العنوان
العنوان تأمين مستقبل الطلبه فى مصر والعالم /
بيان المسئوليه,etc لبيب على الجمال
300 ## - الوصف المادى
التعداد 130 ص
490 ## - بيان السلسلة
عنوان السلسلة الهيئة العامة للاستعلامات
رقم المجلد/ التعيين التسلسلي 0
650 04 - المدخل الاضافى بالموضوع-مصطلح موضوعى
مصطلح موضوعي الطلبة المصريون
650 04 - المدخل الاضافى بالموضوع-مصطلح موضوعى
مصطلح موضوعي الطلبة - تشغيل
650 04 - المدخل الاضافى بالموضوع-مصطلح موضوعى
مصطلح موضوعي الطلبة - حقوق
650 04 - المدخل الاضافى بالموضوع-مصطلح موضوعى
مصطلح موضوعي الطلبة - مساعدات مالية
942 ## - عناصر المدخل الإضافي( كوها)
مصدر التصنيف او مخطط الترفيف Dewey Decimal Classification
Koha [default] item type كتاب
Holdings
حالة التراجع حالة الفقد حالة تلف ليس للاعارة المكان المؤقت الموقع الحالى تاريخ الاكتساب اجمالي اﻻعارات رقم الطلب الباركود تاريخ اخر مشاهدة تاريخ تفعيل السعر نوع وعاء كوها
        مكتبة القاهرة الكبرى مكتبة القاهرة الكبرى 03/26/2014   379.1\ل ت 114448 03/26/2014 03/26/2014 كتاب

Powered By

EGPV